Korea Południowa czy Korea Północna? - Statystyki

Ogólne statystyki
  • Ten quiz został rozwiązany 2 449 razy
  • Średni wynik to 9 z 10
Statystyki odpowiedzi
Zagadnienie Odpowiedź % Poprawnych
Stolicą którego kraju jest Pjongjang? Korei Południowej czy Korei Północnej? Korei Północnej!
100%
Który kraj posiada broń jądrowa? Korea Południowa czy Korea Północna? Korea Północna!
97%
Liczba ludności którego kraju jest większa? Korei Południowej czy Korei Północnej? Korei Południowej!
97%
Który kraj ma dłuższą granicę z Chinami? Korea Południowa czy Korea Północna? Korea Północna!
94%
Którego kraju gęstość zaludnienia jest większa? Korei Południowej czy Korei Północnej? Korei Południowej!
94%
Który kraj jest demokratyczny? Korea Południowa czy Korea Północna? Korea Południowa!
85%
Który kraj ma większą powierzchnię? Korea Południowa czy Korea Północna? Korea Północna!
79%
Który kraj ma mniej sąsiadów? Korea Południowa czy Korea Północna? Korea Południowa!
79%
Który kraj był gospodarzem igrzysk olimpijskich? Korea Południowa czy Korea Północna? Korea Południowa!
76%
Flaga którego kraju ma więcej kolorów? Korei Południowej czy Korei Północnej? Korei Południowej!
74%
Nie znaleziono quizów pasujących do podanych kryteriów
Rozkład punktacji
Procent ludzi z każdym wynikiem
Percentyl według liczby udzielonych odpowiedzi
Twoja historia wyników
Nie rozwiązałeś tego quizu